Социальная активность трудящихся масс в условиях социализма

Detalles Bibliográficos
Autor Corporativo: Институт марксизма-ленинизма (ИМЛ)
Outros autores: Мчедлов М. П. (редактор)
Summary:Исключено из фонда НТБ ТПУ
Idioma:ruso
Publicado: Москва, Политиздат, 1987
Formato: MixedMaterials Libro
KOHA link:https://koha.lib.tpu.ru/cgi-bin/koha/opac-detail.pl?biblionumber=256212

MARC

LEADER 00000nam0a2200000 4500
001 256212
005 20231031215408.0
035 |a (RuTPU)RU\TPU\book\278862 
090 |a 256212 
100 |a 20140407d1987 k y0rusy50 ca 
101 0 |a rus 
102 |a RU 
105 |a y z 001zy 
200 1 |a Социальная активность трудящихся масс в условиях социализма  |f Институт марксизма-ленинизма (ИМЛ) ; под ред. М. П. Мчедлова 
210 |a Москва  |c Политиздат  |d 1987 
215 |a 368 с. 
333 |a Исключено из фонда НТБ ТПУ 
702 1 |a Мчедлов  |b М. П.  |4 340 
712 0 2 |a Институт марксизма-ленинизма (ИМЛ)  |c (Москва)  |c (1956-1991) 
801 1 |a RU  |b 63413507  |c 20140407 
801 2 |a RU  |b 63413507  |c 20220304  |g RCR 
942 |c BK